|
|
|
|
| LEADER |
00000nam0a2200000 4500 |
| 001 |
20356 |
| 005 |
20231030192035.0 |
| 010 |
|
|
|a 5210002675
|
| 035 |
|
|
|a (RuTPU)RU\TPU\book\20535
|
| 035 |
|
|
|a BOOK00000083
|
| 090 |
|
|
|a 20356
|
| 100 |
|
|
|a 20011209d1991 k y0rusy50 ca
|
| 101 |
0 |
|
|a rus
|
| 102 |
|
|
|a RU
|
| 105 |
|
|
|a y z 000zy
|
| 200 |
1 |
|
|a Борьба эстетических идей в России 1860-х годов
|f Б. Ф. Егоров
|
| 210 |
|
|
|a Ленинград
|c Искусство
|d 1991
|
| 215 |
|
|
|a 334 с.
|
| 610 |
1 |
|
|a эстетика
|
| 610 |
1 |
|
|a история
|
| 610 |
1 |
|
|a эстетические учения
|
| 610 |
1 |
|
|a Россия
|
| 610 |
1 |
|
|a 19 век
|
| 686 |
|
|
|a Ю8г
|v LBC/SL-A
|2 rubbk
|
| 700 |
|
1 |
|a Егоров
|b Б. Ф.
|g Борис Федорович
|
| 801 |
|
0 |
|a RU
|b 63413507
|c 20011209
|g PSBO
|
| 801 |
|
2 |
|a RU
|b 63413507
|c 20220328
|g PSBO
|
| 942 |
|
|
|c BK
|